00541nam a2200181 i 4500001001100000003000500011005001700016008004100033022001400074040002500088082002000113245007500133264005900208300002300267336002100290337002500311338002300336C2-0171922PPAK20180729134012.0980825s1985 my |||| ||||| | may d a0126-9062 aPPAKbengcPPAKerda04a016.0795952 2300aIndeks suratkahabar Malaysia April - Jun bsuratkhabar Bahasa Malaysia 1aKuala Lumpur : bPerpustakaan Negara Malaysia , c1985 a81 pages ; c30 cm 2rdacontentatext 2rdamediaaunmediated 2rdacarrieravolume